[Event "IX EICC"]
[Site "Plovdiv BUL"]
[Date "2008.04.25"]
[Round "5"]
[White "Collas,D"]
[Black "Bonev,T"]
[Result "1-0"]
[WhiteElo "2446"]
[BlackElo "2285"]
[EventDate "2008.04.21"]

1. e4 c5 2. Nf3 d6 3. d4 cxd4 4. Nxd4 Nf6 5. Nc3 a6 6. Be2 e5 7. Nb3 Be7 8.
Bg5 Be6 9. Bxf6 Bxf6 10. Qd3 O-O 11. Rd1 Be7 12. Nd5 Bxd5 13. Qxd5 Qc7 14.
Na5 Nc6 15. Nc4 Rad8 16. c3 Bg5 17. h4 Ne7 18. Qa5 Qxa5 19. Nxa5 Bh6 20.
Nxb7 Rb8 21. Bxa6 Ra8 22. Bc4 d5 23. exd5 Rfb8 24. d6 Rxb7 25. dxe7 Rxe7
26. Ke2 g6 27. Bd5 Rb8 28. b4 Rc7 29. Rh3 Ra7 30. Bb3 Kf8 31. h5 Bg7 32.
hxg6 hxg6 33. Rd6 Ke7 34. Rc6 Rd7 35. Rc5 Rd6 36. Rh7 Rg8 37. a4 1-0

[Event "IX EICC"]
[Site "Plovdiv BUL"]
[Date "2008.04.25"]
[Round "5"]
[White "Stanoev,A"]
[Black "Zherebukh,Y"]
[Result "0-1"]
[WhiteElo "2193"]
[BlackElo "2446"]
[EventDate "2008.04.21"]

1. d4 Nf6 2. c4 e6 3. Nc3 Bb4 4. Qc2 O-O 5. a3 Bxc3+ 6. Qxc3 b6 7. Bg5 Ba6
8. f3 d5 9. b3 dxc4 10. bxc4 c5 11. dxc5 bxc5 12. Rd1 Qe7 13. e3 Nc6 14.
Bd3 h6 15. Bh4 e5 16. Qc2 g5 17. Bf2 e4 18. fxe4 Ne5 19. Nf3 Nxd3+ 20. Rxd3
Qxe4 21. Rc3 Qe6 22. Nd2 Rad8 23. O-O Bb7 24. e4 Rxd2 25. Qxd2 Nxe4 26. Qb2
Nxc3 27. Qxc3 Rd8 28. Re1 Qg4 29. Bg3 Rd1 30. Rxd1 Qxd1+ 31. Be1 Qe2 32.
Bf2 Qe4 33. Qg3 Qxc4 34. h4 Qd5 35. hxg5 hxg5 36. Qf3 Qd7 37. Qg3 Qe7 38.
Qe3 Qd8 39. Qxc5 Qd1+ 40. Kh2 Qh5+ 41. Kg1 Qg4 42. Kf1 Qd1+ 43. Be1 Ba6+
44. Kf2 Qe2+ 0-1

[Event "IX EICC"]
[Site "Plovdiv BUL"]
[Date "2008.04.25"]
[Round "5"]
[White "Kozhuharov,S"]
[Black "Muratet Casadevall,A"]
[Result "1/2-1/2"]
[WhiteElo "2433"]
[BlackElo "2174"]
[EventDate "2008.04.21"]

1. e4 c5 2. Nf3 d6 3. d4 cxd4 4. Qxd4 a6 5. c4 Nc6 6. Qd2 Nf6 7. Nc3 g6 8.
b3 Bg7 9. Bb2 Qa5 10. Nd5 Qxd2+ 11. Nxd2 O-O 12. Nxf6+ Bxf6 13. Bxf6 exf6
14. O-O-O Be6 15. Kb2 f5 16. exf5 Bxf5 17. Nb1 Bxb1 18. Kxb1 Rfe8 19. h4
Re5 20. Rh3 Kf8 21. Rhd3 Rd8 22. f4 Re4 23. g3 Nb4 24. Rc3 Rde8 25. a3 Re1
26. Rxe1 Rxe1+ 27. Rc1 Rxc1+ 28. Kxc1 Nc6 29. Bg2 Nd4 30. Kb2 b6 31. Kc3
Ne2+ 32. Kb4 Nd4 33. g4 Ke7 34. g5 f6 35. Bd5 fxg5 36. fxg5 Nf5 37. Bb7 Kd7
38. Bxa6 Kc7 39. Kb5 Nxh4 40. b4 Nf3 41. c5 dxc5 42. bxc5 bxc5 43. Kxc5
Nxg5 44. Kd5 h5 45. Ke5 Nf3+ 46. Kf4 Nd2 47. Bd3 1/2-1/2

[Event "IX EICC"]
[Site "Plovdiv BUL"]
[Date "2008.04.25"]
[Round "5"]
[White "Arnaudov,G"]
[Black "Novikov,St1"]
[Result "0-1"]
[WhiteElo "2369"]
[BlackElo "2564"]
[EventDate "2008.04.21"]

1. d4 Nf6 2. c4 g6 3. Nc3 Bg7 4. e4 O-O 5. Nf3 d6 6. h3 Na6 7. Bg5 Qe8 8.
Bd3 e5 9. d5 Nh5 10. g3 f5 11. Qe2 Qf7 12. Bc2 Nb4 13. Bb1 fxe4 14. Bxe4
Bf5 15. Nd2 h6 16. Be3 Nf4 17. gxf4 exf4 18. O-O-O fxe3 19. Qxe3 Rae8 20.
f3 Bxe4 21. fxe4 Qf2 22. Qxf2 Nd3+ 23. Kc2 Nxf2 24. Rh2 0-1

[Event "IX EICC"]
[Site "Plovdiv BUL"]
[Date "2008.04.25"]
[Round "5"]
[White "Tukhaev,A"]
[Black "Vedder,H"]
[Result "1-0"]
[WhiteElo "2512"]
[BlackElo "2371"]
[EventDate "2008.04.21"]

1. e4 e6 2. d4 d5 3. Nc3 Nf6 4. e5 Nfd7 5. f4 c5 6. Nf3 Nc6 7. Be3 a6 8.
Qd2 b5 9. a3 Qa5 10. dxc5 b4 11. Na2 Nxc5 12. Nd4 Nxd4 13. axb4 Ncb3 14.
cxb3 Bxb4 15. Nxb4 Qxa1+ 16. Kf2 Nf5 17. Bb5+ axb5 18. Rxa1 Rxa1 19. Bc5 h5
20. Qc3 Bd7 21. Bd6 Ra8 22. Qc7 Rc8 23. Qa7 f6 24. Bc5 Rh6 25. Na6 fxe5 26.
fxe5 Rg6 27. Nb8 Rd8 28. Bb6 Rxb8 29. Qxb8+ Kf7 30. Qc7 1-0

[Event "IX EICC"]
[Site "Plovdiv BUL"]
[Date "2008.04.25"]
[Round "5"]
[White "Nikolaidis,K"]
[Black "Rasmussen,Kar"]
[Result "1/2-1/2"]
[WhiteElo "2299"]
[BlackElo "2486"]
[EventDate "2008.04.21"]

1. d4 d5 2. c4 c6 3. cxd5 cxd5 4. Nc3 Nf6 5. Bf4 Nc6 6. e3 Bg4 7. f3 Bf5 8.
g4 Bg6 9. h4 h6 10. Bd3 Bxd3 11. Qxd3 e6 12. Nge2 Bd6 13. Kf2 g6 14. Rad1
h5 15. g5 Ng8 16. e4 Nge7 17. exd5 exd5 18. Qb5 a6 19. Qxb7 Na5 20. Qxa8
Qxa8 21. Bxd6 Nac6 22. Nf4 Qd8 23. Bc5 O-O 24. Rde1 Qd7 25. Re3 Kg7 26.
Rhe1 Re8 27. Nfxd5 Nxd5 28. Rxe8 Nf4 29. R1e4 Ne6 30. Ra8 Qb7 31. Re8 Qxb2+
32. Ne2 Qxa2 33. Kg3 Kh7 34. R4xe6 fxe6 35. Nf4 Qa1 36. Nxe6 Qe1+ 37. Kh3
Qf2 38. f4 Qf3+ 39. Kh2 Qg4 40. Kh1 Qxh4+ 41. Kg2 Qg4+ 42. Kf2 h4 43. Bf8
Kg8 44. Bd6+ Kf7 45. Nc7 Qg3+ 46. Kf1 Qd3+ 47. Kg2 Kg7 48. Ne6+ Kh7 49.
Nf8+ Kg7 50. Ne6+ Kf7 51. Nc7 Qg3+ 52. Kf1 Qf3+ 53. Ke1 Qc3+ 54. Kf1 Qh3+
55. Kf2 Qh2+ 56. Kf1 Qh1+ 57. Kf2 Qh2+ 58. Kf1 Qh1+ 59. Kf2 Qh2+ 1/2-1/2

[Event "IX EICC"]
[Site "Plovdiv BUL"]
[Date "2008.04.25"]
[Round "5"]
[White "Baumegger,S"]
[Black "Bakalarz,M"]
[Result "1-0"]
[WhiteElo "2440"]
[BlackElo "2361"]
[EventDate "2008.04.21"]

1. c4 e5 2. g3 Nf6 3. Bg2 d5 4. cxd5 Nxd5 5. Nc3 Nb6 6. Nf3 Nc6 7. O-O g6
8. d3 Bg7 9. Bg5 f6 10. Be3 Nd4 11. Rc1 c6 12. Ne4 O-O 13. Nxd4 exd4 14.
Qb3+ Rf7 15. Bd2 Nd5 16. Qc4 h6 17. Nc5 f5 18. b4 a6 19. Rfe1 f4 20. Bxf4
Nxf4 21. gxf4 Qe7 22. e3 Bg4 23. h3 Bf5 24. e4 Bc8 25. f5 Qf6 26. f4 a5 27.
b5 cxb5 28. Qxb5 Kh7 29. Qe8 gxf5 30. exf5 Rf8 31. Qg6+ Qxg6 32. fxg6+ Kxg6
33. Nxb7 Ra6 34. Be4+ Bf5 35. Nc5 Rd6 36. Bxf5+ Kxf5 37. Ne4 Rg6+ 38. Kh1
Kxf4 39. Rc2 h5 40. Nc5 Kf3 41. Ne4 Kf4 42. Rf2+ Ke5 43. Rb2 Bh6 44. Rb5+
Kf4 45. Rxh5 Rb8 46. Nd2 Bg5 47. Re4+ Kg3 48. Rg4+ Kf2 49. Ne4+ Ke2 50.
Rhxg5 Rxg5 51. Nxg5 Kxd3 52. Ne6 Rb1+ 53. Kg2 Rb2+ 54. Kg3 Rxa2 55. Rxd4+
Ke3 56. Rd5 Ke4 57. Rd1 Kf5 58. Nd4+ Kg6 59. Nf3 Kf5 60. Nd4+ Kg6 61. Nf3
Kf5 62. Rd5+ Ke4 63. Re5+ Kd3 64. h4 a4 65. h5 Ra1 66. Re1 Ra2 67. h6 Rb2
68. h7 Rb8 69. Ra1 Ke4 70. Ng5+ Kf5 71. Nf7 1-0

[Event "IX EICC"]
[Site "Plovdiv BUL"]
[Date "2008.04.25"]
[Round "5"]
[White "Galopoulos,N"]
[Black "Milchev,N"]
[Result "1/2-1/2"]
[WhiteElo "2243"]
[BlackElo "2415"]
[EventDate "2008.04.21"]

1. e4 e5 2. Nf3 Nc6 3. Bb5 Nf6 4. O-O Nxe4 5. Re1 Nd6 6. Bxc6 dxc6 7. Rxe5+
Be7 8. Qe2 Bg4 9. Nc3 Bxf3 10. Qxf3 O-O 11. d3 Bf6 12. Re1 Qd7 13. Bf4 Rfe8
14. a4 a5 15. Ne4 Nxe4 16. dxe4 Bxb2 17. Rab1 Qd4 18. Red1 Qxe4 19. Qxe4
Rxe4 20. Rxb2 Rxf4 21. Rxb7 Rxa4 22. Rxc7 Rc4 23. Ra7 Re8 24. Rxa5 Rxc2 25.
g3 g6 26. Rd3 Kg7 27. Ra7 Re1+ 28. Kg2 Re6 29. Rf3 Rf6 30. Rc7 h6 31. h4 g5
32. hxg5 hxg5 33. Rxf6 Kxf6 34. Kf3 Kg6 35. g4 Rc4 36. Ke3 Kf6 37. Kd3 Rc1
38. Kd2 Rc5 39. Ke3 Ke6 40. f4 gxf4+ 41. Kxf4 f6 42. Ke4 Rc4+ 43. Kd3 Rc1
44. Kd2 Rc5 45. Kd3 Ke5 46. Re7+ Kf4 47. Rf7 Kg5 48. Rg7+ Kh6 49. Rc7 Kg6
50. Ke3 Kg5 51. Rg7+ Kh6 52. Rf7 Re5+ 53. Kf4 Kg6 54. Rc7 c5 55. Kf3 Rd5
56. Ke4 Rd4+ 57. Ke3 Rc4 58. Kd3 Rxg4 59. Rxc5 Rg5 60. Rc8 Re5 61. Rc2 Kg5
62. Kd4 Re6 63. Rg2+ Kf4 64. Rf2+ Kg4 65. Kd5 Re5+ 66. Kd4 Rf5 67. Rg2+ Kf3
68. Rg1 Kf2 69. Rg6 Rf4+ 70. Kd5 Kf3 71. Ke6 f5 72. Ke5 Rg4 73. Kxf5 Rxg6
74. Kxg6 1/2-1/2

[Event "IX EICC"]
[Site "Plovdiv BUL"]
[Date "2008.04.25"]
[Round "5"]
[White "Dimitrov,Pa"]
[Black "Vlashki,N"]
[Result "1-0"]
[WhiteElo "2414"]
[BlackElo "2206"]
[EventDate "2008.04.21"]

1. e4 e5 2. Qf3 Qf6 3. Bc4 Bc5 4. c3 d6 5. d3 Be6 6. Bb3 Nc6 7. Nd2 Nce7 8.
Ne2 Ng6 9. Qxf6 Nxf6 10. Nf3 h6 11. h3 Bb6 12. Bc2 O-O 13. O-O d5 14. Ng3
Rad8 15. Re1 Rfe8 16. Nf5 dxe4 17. dxe4 Bc4 18. Ba4 c6 19. Bc2 Bd3 20. Bxd3
Rxd3 21. a4 a6 22. a5 Bc5 23. Ra4 Red8 24. Rc4 Bf8 25. Be3 Ne8 26. Kf1 Nd6
27. Ra4 f6 28. Nxd6 R3xd6 29. g3 Kf7 30. Ke2 R6d7 31. h4 h5 32. Bb6 Re8 33.
Raa1 Bd6 34. Red1 Nf8 35. Nd2 Bc7 36. Nb3 Bd6 37. Nd2 Bc7 38. Nb3 Bd6 39.
Be3 Ne6 40. Bb6 Ke7 41. Rd3 Bc7 42. Bxc7 Rxc7 43. Rad1 Rh8 44. R3d2 g5 45.
Rh1 Rd7 46. Rxd7+ Kxd7 47. Nd2 gxh4 48. Rxh4 Nf8 49. Rh1 Kd6 50. Nf3 Kc5
51. Rd1 Rh7 52. Rd8 Ne6 53. Re8 Kd6 54. Ke3 Nc5 55. b4 Na4 56. Kd3 c5 57.
Rf8 Ke7 58. Rc8 Kd7 59. Rb8 Kd6 60. Rd8+ Ke7 61. Rd5 cxb4 62. cxb4 Ke6 63.
Rxe5+ fxe5 64. Ng5+ Ke7 65. Nxh7 Nb2+ 66. Kc2 Nc4 67. Ng5 Kf6 68. Nf3 b5
69. Kd3 Nb2+ 70. Ke2 Nc4 71. Nd2 Nd6 72. f4 h4 73. fxe5+ Kxe5 74. gxh4 Kd4
75. h5 Nf7 76. Kf3 Kd3 77. Kf4 Kxd2 78. e5 Kd3 79. e6 Nd8 80. Ke5 1-0

[Event "IX EICC"]
[Site "Plovdiv BUL"]
[Date "2008.04.25"]
[Round "5"]
[White "Dimitrov,R"]
[Black "Ljangov,P"]
[Result "1-0"]
[WhiteElo "2409"]
[BlackElo "2192"]
[EventDate "2008.04.21"]

1. c4 e5 2. Nc3 d6 3. g3 f5 4. Bg2 Nf6 5. e3 g6 6. Nge2 Bg7 7. O-O O-O 8.
d3 c6 9. b4 Be6 10. Bb2 Nbd7 11. b5 Qc7 12. Ba3 Rfe8 13. bxc6 bxc6 14. Qa4
Rac8 15. Rab1 Nb6 16. Qa5 Nfd7 17. e4 Nf6 18. c5 dxc5 19. Bxc5 fxe4 20.
Nxe4 Nxe4 21. Bxe4 Nd5 22. Qa6 Rb8 23. Bxa7 Ra8 24. Rb7 Bc8 25. Rxc7 Bxa6
26. Rxc6 Rxa7 27. Bxd5+ Kh8 28. Be4 Bb5 29. Rb6 Bd7 30. Bd5 Ra5 31. Bc4 Bf8
32. Nc3 Bc5 33. Rb7 Bc6 34. Rc7 Bd4 35. Rxc6 Bxc3 36. Bf7 Rf8 37. Rxc3 Rxf7
38. Ra1 Rfa7 39. a3 Ra4 40. f3 Kg7 41. Kf2 Rb7 42. Ra2 Rb1 43. Rc4 Ra5 44.
a4 Rh1 45. Ke3 Re1+ 46. Kd2 Rf1 47. Rb2 Rxf3 48. Rb5 Ra7 49. Rxe5 Rd7 50.
Rc3 Rf2+ 51. Re2 Rf1 52. Ra3 Rf6 53. a5 Rb7 54. Ra2 Ra6 55. Re5 Kf6 56. d4
Rc7 57. Rb5 Ke7 58. Rb6 Raa7 59. a6 Kd7 60. Rc2 Rxc2+ 61. Kxc2 Kc8 62. Kd3
Rf7 63. Ke4 1-0

[Event "IX EICC"]
[Site "Plovdiv BUL"]
[Date "2008.04.25"]
[Round "5"]
[White "Loeffler,S"]
[Black "Hagesaether,A"]
[Result "1-0"]
[WhiteElo "2409"]
[BlackElo "2181"]
[EventDate "2008.04.21"]

1. d4 d5 2. Bf4 Nf6 3. e3 c6 4. c4 a6 5. Nf3 b5 6. cxd5 cxd5 7. a4 b4 8.
Nbd2 Bg4 9. Rc1 Ne4 10. Bc7 Qc8 11. Nxe4 dxe4 12. h3 Be6 13. Ne5 Nd7 14.
Ba5 Qb7 15. Rc7 Qd5 16. Nxd7 Qxa5 17. Rc5 Qd8 18. Ne5 f6 19. d5 Bf5 20. Nc6
Qd6 21. Ra5 g6 22. Rxa6 Rxa6 23. Bxa6 Bg7 24. Bc4 O-O 25. Nxe7+ Kh8 26.
Nxf5 gxf5 27. Qd2 Rf7 28. O-O Bf8 29. Qd4 Re7 30. Re1 f4 31. exf4 Qxf4 32.
d6 Rd7 33. Qd5 Rg7 34. d7 Rxg2+ 35. Kxg2 Qf3+ 36. Kg1 1-0

[Event "IX EICC"]
[Site "Plovdiv BUL"]
[Date "2008.04.25"]
[Round "5"]
[White "Willemze,T"]
[Black "Arnaudov,P"]
[Result "1-0"]
[WhiteElo "2399"]
[BlackElo "2162"]
[EventDate "2008.04.21"]

1. e4 c5 2. Nf3 g6 3. d4 Bg7 4. dxc5 Qa5+ 5. c3 Qxc5 6. Be3 Qa5 7. Na3 Nf6
8. Bd3 O-O 9. O-O Nc6 10. Qd2 d5 11. exd5 Qxd5 12. Nb5 Bf5 13. Bxf5 Qxf5
14. Nbd4 Nxd4 15. Bxd4 Rfd8 16. Rfe1 Rd7 17. Ne5 Ne4 18. Rxe4 Bxe5 19. Rae1
Bxd4 20. Rxd4 Rad8 21. Rxe7 Rxd4 22. cxd4 Qb1+ 23. Re1 Rxd4 24. Qe2 Qf5 25.
h3 Kg7 26. Qe3 Qf6 27. b3 h5 28. g3 h4 29. g4 b6 30. Rc1 Qd6 31. Qc3 Kg8
32. Qf3 a5 33. Rc8+ Kg7 34. Rc6 Rd1+ 35. Kg2 Qd4 36. Rc7 Qd5 37. Rxf7+ Qxf7
38. Qxd1 Qf6 39. Qd5 Kh6 40. Qf3 Qd6 41. Qe4 Qf6 42. a3 Qd6 43. a4 Qf6 44.
Qd5 Qf4 45. Qe6 Qc7 46. Qf6 Qb7+ 47. Kg1 Qd5 48. Qxh4+ Kg7 49. Qe7+ Kh6 50.
Qe3+ Kh7 51. Qxb6 Qd1+ 52. Kh2 Qd2 53. Qa7+ Kg8 54. Qe3 Qd5 55. h4 Qd6+ 56.
Kg2 Qf6 57. Qe8+ Kg7 58. Qd7+ Kh8 59. Qd3 Kg7 60. Qd7+ Kh8 61. Qc8+ Kh7 62.
Qb7+ Kh8 63. Qf3 Qd4 64. g5 Qc5 65. Qf6+ Kh7 66. h5 Qd5+ 67. Kh2 gxh5 68.
Qh6+ Kg8 69. Qg6+ Kh8 70. Qxh5+ Kg7 71. Qh3 Qe5+ 72. Qg3 Qd4 73. Kg2 Kg6
74. Qf3 Qd2 75. Qf6+ Kh7 76. Qe7+ Kg8 77. Qe3 Qd5+ 78. Kg3 Qd6+ 79. Qf4 Qd1
80. Qc4+ Kg7 81. Qc7+ Kg6 82. Qb6+ Kh7 83. Qh6+ Kg8 84. Qg6+ Kh8 85. Qe8+
Kg7 86. Qe7+ Kg8 87. f4 Qd3+ 88. Kg4 1-0

[Event "IX EICC"]
[Site "Plovdiv BUL"]
[Date "2008.04.25"]
[Round "5"]
[White "Ris,R"]
[Black "Bozinovic,Bob"]
[Result "1-0"]
[WhiteElo "2395"]
[BlackElo "2134"]
[EventDate "2008.04.21"]

1. e4 d5 2. exd5 Qxd5 3. Nf3 Nf6 4. Nc3 Qa5 5. Bc4 Bg4 6. h3 Bxf3 7. Qxf3
c6 8. d3 e6 9. Bd2 Nbd7 10. Bb3 Qe5+ 11. Kf1 Be7 12. Re1 Qc7 13. g4 h6 14.
Rg1 O-O-O 15. Ke2 Ne5 16. Qg3 g5 17. f4 gxf4 18. Bxf4 Bd6 19. Rgf1 Nd5 20.
Bxd5 exd5 21. Kd1 f6 22. d4 Ng6 23. Bxd6 Qxd6 24. Ne2 Rhe8 25. Qxd6 Rxd6
26. Ng3 Rxe1+ 27. Kxe1 Ne7 28. Nf5 Re6+ 29. Kd2 Ng8 30. Rf3 Kd7 31. Ra3 a6
32. Rb3 Kc7 33. a4 a5 34. Re3 Kd7 35. Kd3 b6 36. h4 Rxe3+ 37. Kxe3 Ke6 38.
b3 Kd7 39. c4 Ke6 40. Kd3 h5 41. Ng7+ Kf7 42. Nxh5 dxc4+ 43. bxc4 Ne7 44.
Nf4 Ng8 45. d5 c5 46. g5 fxg5 47. hxg5 Ke7 48. Ke4 Kd6 49. Kf5 Ne7+ 50. Kf6
1-0

[Event "IX EICC"]
[Site "Plovdiv BUL"]
[Date "2008.04.25"]
[Round "5"]
[White "Nitelea,B"]
[Black "Georgescu,T"]
[Result "0-1"]
[WhiteElo "2090"]
[BlackElo "2384"]
[EventDate "2008.04.21"]

1. e4 c5 2. Nf3 d6 3. c3 Nf6 4. h3 Nc6 5. Bd3 d5 6. e5 c4 7. Bc2 Nd7 8. Ba4
Nc5 9. Bxc6+ bxc6 10. d4 cxd3 11. O-O Ba6 12. Re1 e6 13. Nd4 Rc8 14. f4 g6
15. Nd2 Be7 16. b4 Nd7 17. f5 gxf5 18. Nxe6 fxe6 19. Qh5+ Kf8 20. Ne4 dxe4
21. Bh6+ Kg8 22. Re3 Bh4 23. Rf1 Nxe5 24. Rxe4 d2 25. Rxe5 Bxf1 26. Rxe6
d1=Q 27. Rg6+ Kf7 28. Qxf5+ Bf6 29. Rg7+ Ke8 30. Qe6+ Be7 31. Qf7+ Kd7 32.
Qf5+ Kc7 33. Qe5+ Kb7 34. Rxe7+ Rc7 0-1

[Event "IX EICC"]
[Site "Plovdiv BUL"]
[Date "2008.04.25"]
[Round "5"]
[White "Ivanov,L"]
[Black "Pesotsky,V"]
[Result "0-1"]
[WhiteElo "2020"]
[BlackElo "2371"]
[EventDate "2008.04.21"]

1. d4 Nf6 2. c4 g6 3. Nc3 Bg7 4. e4 d6 5. f3 O-O 6. Be3 Nc6 7. Nge2 Rb8 8.
Qd2 Re8 9. h4 a6 10. Nd5 e5 11. Nxf6+ Bxf6 12. d5 Nd4 13. Nxd4 exd4 14.
Bxd4 Bxh4+ 15. Kd1 Bf6 16. Ba7 Ra8 17. Be3 Bd7 18. Rc1 c5 19. Bd3 b5 20. g4
Be5 21. Qg2 Qf6 22. Rc2 bxc4 23. Bxc4 Ba4 24. b3 Bb5 25. Qh3 Qg7 26. Bh6
Qh8 27. Bc1 Rab8 28. Bxb5 axb5 29. f4 Ba1 30. Rch2 Rxe4 31. Bb2 Bxb2 32.
Rxb2 Rbe8 0-1

[Event "IX EICC"]
[Site "Plovdiv BUL"]
[Date "2008.04.25"]
[Round "5"]
[White "Pavlidis,Ana"]
[Black "Klokas,K"]
[Result "1-0"]
[WhiteElo "2280"]
[BlackElo "2160"]
[EventDate "2008.04.21"]

1. e4 c5 2. Nf3 Nc6 3. d4 cxd4 4. Nxd4 Nf6 5. Nc3 e6 6. Ndb5 d6 7. Bf4 e5
8. Bg5 a6 9. Na3 b5 10. Bxf6 gxf6 11. Nd5 f5 12. Bd3 Be6 13. c3 Bg7 14.
Nxb5 axb5 15. Bxb5 Bd7 16. exf5 Nb8 17. a4 Kf8 18. Bxd7 Nxd7 19. O-O Nf6
20. b4 Nxd5 21. Qxd5 Ke7 22. a5 Qc7 23. Rfd1 Rhc8 24. b5 Qc5 25. Qxc5 Rxc5
26. Rdb1 Rcc8 27. a6 Rcb8 28. b6 Kd7 29. Ra4 d5 30. Kf1 Kc6 31. b7 Ra7 32.
c4 d4 33. Rb5 f6 34. f4 e4 35. Rd5 d3 36. Rd4 Kb6 37. Rxe4 Rd8 38. Rd4 Re8
39. Rxd3 Bf8 40. Re3 Rd8 41. Re6+ Kc7 42. c5 Bxc5 43. Rc4 Rxa6 44. Rxa6
Kxb7 45. Rxf6 1-0

[Event "IX EICC"]
[Site "Plovdiv BUL"]
[Date "2008.04.25"]
[Round "5"]
[White "Sigalas,F"]
[Black "Stavrianakis,I"]
[Result "1/2-1/2"]
[WhiteElo "2250"]
[BlackElo "2121"]
[EventDate "2008.04.21"]

1. e4 e6 2. d4 d5 3. Nc3 Nf6 4. e5 Nfd7 5. f4 c5 6. Nf3 Nc6 7. Be3 Be7 8.
dxc5 Bxc5 9. Bxc5 Nxc5 10. Qd2 a6 11. Bd3 O-O 12. O-O-O f5 13. exf6 Qxf6
14. g3 h6 15. Rhf1 b5 16. Rde1 b4 17. Ne2 a5 18. Qe3 Nxd3+ 19. cxd3 Bd7 20.
Ned4 Rac8 21. Kb1 Rfe8 22. Ne5 Nxe5 23. Qxe5 Qxe5 24. Rxe5 Kf7 25. Rc1 Kf6
26. h4 Rxc1+ 27. Kxc1 Ke7 28. Kd2 Kd6 29. Nf3 Rc8 30. Re1 Ba4 31. Nd4 Bd7
32. Nf3 Ba4 33. Rc1 Rxc1 34. Kxc1 Kc5 35. d4+ Kd6 36. Kd2 Bb5 37. Ne5 Ke7
38. Ke3 a4 39. a3 bxa3 40. bxa3 h5 41. Nf3 Kf6 42. Ne1 Kf5 43. Kf3 Kf6 44.
Ke3 Kf5 45. Kf3 Kf6 46. Ng2 Bd3 47. Ne3 Ke7 48. Kf2 Kd6 49. Ke1 Kc6 50. Kd2
Bf5 1/2-1/2

[Event "IX EICC"]
[Site "Plovdiv BUL"]
[Date "2008.04.25"]
[Round "5"]
[White "Goumas,G"]
[Black "Rigopoulos Tsigkos,A"]
[Result "1-0"]
[WhiteElo "2234"]
[BlackElo "1980"]
[EventDate "2008.04.21"]

1. e4 c5 2. b3 e6 3. Bb2 b6 4. Nc3 Bb7 5. Nf3 a6 6. Bd3 d6 7. O-O Nd7 8.
Re1 Ngf6 9. Bf1 Be7 10. Qe2 O-O 11. g3 b5 12. d3 Rc8 13. Bg2 Qc7 14. Nd2
Ne5 15. Nd1 Nc6 16. Ne3 Nd4 17. Qd1 Nd7 18. f4 Bf6 19. c3 Nc6 20. Ng4 e5
21. Nxf6+ Nxf6 22. Rf1 Ne7 23. c4 Nd7 24. f5 f6 25. g4 Nc6 26. h4 Nd4 27.
g5 Qd8 28. Qg4 Nc2 29. Rf3 Nxa1 30. Bxa1 Qa5 31. Nf1 bxc4 32. bxc4 Qxa2 33.
Bc3 Qb3 34. Bd2 d5 35. g6 h6 36. Qh5 Nb6 37. cxd5 Qd1 38. Kh2 Nxd5 39. exd5
Bxd5 40. Bxh6 gxh6 41. Qxh6 Rc7 42. Ne3 Qd2 43. Rf2 Qxf2 44. Nxd5 Rd7 45.
Kh1 Qxf5 46. Ne7+ Rxe7 47. Bd5+ Ref7 48. Qh7+ 1-0

[Event "IX EICC"]
[Site "Plovdiv BUL"]
[Date "2008.04.25"]
[Round "5"]
[White "Aristotelous,V"]
[Black "Elkin,L"]
[Result "0-1"]
[WhiteElo "1954"]
[BlackElo "2213"]
[EventDate "2008.04.21"]

1. e4 e6 2. d3 d5 3. Nd2 Nf6 4. Ngf3 c5 5. g3 Be7 6. Bg2 b6 7. O-O Bb7 8.
Re1 O-O 9. e5 Nfd7 10. Nf1 b5 11. h4 Nc6 12. N1h2 c4 13. d4 c3 14. b3 a5
15. Ng5 Qb6 16. Be3 a4 17. Qg4 Nb4 18. Bf1 f5 19. exf6 Nxf6 20. Qe2 axb3
21. axb3 h6 22. Nh3 Rxa1 23. Rxa1 Ne4 24. Nf4 Bf6 25. Nf3 Bc8 26. Qd1 Bd7
27. Nd3 Nc6 28. Nf4 Nb4 29. Nd3 Nc6 30. Nf4 Ne7 31. Bd3 Nf5 32. Qe2 Be8 33.
Bxe4 dxe4 34. Ne5 Nxd4 35. Bxd4 Qxd4 36. Ng4 Qd2 37. Qxe4 Bd4 38. Qxe6+ Bf7
39. Qe2 Re8 40. Qxd2 cxd2 0-1

[Event "IX EICC"]
[Site "Plovdiv BUL"]
[Date "2008.04.25"]
[Round "5"]
[White "Tzouganakis,P"]
[Black "Gengler,P"]
[Result "1-0"]
[WhiteElo "1900"]
[BlackElo "2200"]
[EventDate "2008.04.21"]

1. e4 c5 2. Nf3 Nc6 3. d4 cxd4 4. Nxd4 Nf6 5. Nc3 e5 6. Ndb5 d6 7. Bg5 a6
8. Na3 b5 9. Nd5 Be7 10. Bxf6 Bxf6 11. c3 Bg5 12. Nc2 Ne7 13. Ncb4 O-O 14.
a4 bxa4 15. Rxa4 a5 16. Nxe7+ Qxe7 17. Nd5 Qb7 18. Qc2 Bd7 19. Ra2 a4 20.
Bd3 f5 21. O-O f4 22. f3 Kh8 23. Rfa1 Bh4 24. Qe2 Rfe8 25. Bc2 a3 26. bxa3
Qa7+ 27. Kh1 Re6 28. Rb2 Rh6 29. Qf1 Bg3 30. h3 Rb8 31. Rab1 Rxb2 32. Rxb2
g5 33. Bd1 Be6 34. a4 Rg6 35. Qb5 Rg8 36. Qb6 Qxb6 37. Nxb6 Rg7 38. Kg1 Rc7
39. c4 Be1 40. Kf1 Ba5 41. Rb5 Bc3 42. Be2 Rb7 43. Nd5 Bxd5 44. exd5 Ra7
45. Bd1 Bd4 46. Ke2 Kg7 47. Kd2 Kg6 48. Kd3 Kh5 49. Ke4 Rf7 50. c5 dxc5 51.
d6 Kg6 52. Kd5 Kf6 53. Kc6 c4 54. Rb8 Ba7 55. Rb7 Rxb7 56. Kxb7 Bc5 57. d7
Be7 58. Kc7 Ke6 59. a5 Bb4 60. a6 Ba5+ 61. Kc8 Bb6 62. d8=Q 1-0

[Event "IX EICC"]
[Site "Plovdiv BUL"]
[Date "2008.04.25"]
[Round "5"]
[White "Medancic,R"]
[Black "Kostopoulos,E"]
[Result "1/2-1/2"]
[WhiteElo "2247"]
[BlackElo "2152"]
[EventDate "2008.04.21"]

1. e4 c5 2. Nf3 d6 3. Bc4 e6 4. O-O Nf6 5. Re1 Be7 6. c3 O-O 7. Bb3 Nc6 8.
d3 b5 9. Nbd2 Bb7 10. a4 a6 11. Nf1 Qc7 12. Bg5 h6 13. Bh4 Nh5 14. Bg3 Nxg3
15. Nxg3 Ne5 16. d4 cxd4 17. Nxd4 Qb6 18. Kh1 Nc4 19. Qg4 Kh8 20. Nh5 Rg8
21. axb5 axb5 22. Rxa8 Bxa8 23. Qe2 Rc8 24. Kg1 g6 25. Ng3 Bf6 26. Nf3 Bb7
27. h4 h5 28. Ng5 Kg7 29. Nxh5+ gxh5 30. Qxh5 Bxg5 31. Qxg5+ Kf8 32. Qh6+
Ke8 33. h5 Qc5 34. Bxc4 bxc4 35. e5 dxe5 36. Qg7 e4 37. h6 Qf8 38. Qf6 Kd7
39. h7 Bd5 40. Re3 Qh8 41. Qxf7+ Kc6 42. Rh3 Ra8 43. Rg3 Qe5 1/2-1/2

[Event "IX EICC"]
[Site "Plovdiv BUL"]
[Date "2008.04.25"]
[Round "5"]
[White "Kokolias,K"]
[Black "Fragakis,E"]
[Result "1-0"]
[WhiteElo "2211"]
[BlackElo "2133"]
[EventDate "2008.04.21"]

1. b3 d5 2. Bb2 c5 3. e3 Nc6 4. Bb5 Qb6 5. Na3 a6 6. Bxc6+ Qxc6 7. Nf3 b5
8. c4 e6 9. Ne5 Qb7 10. O-O bxc4 11. bxc4 Qxb2 12. Qa4+ Ke7 13. Nc6+ Kf6
14. cxd5 c4 15. Nxc4 Qb5 16. Qxb5 axb5 17. Nb6 Ra6 18. Nxc8 Ba3 19. N8a7 b4
20. d6 Nh6 21. e4 e5 22. d7 Rxa7 23. Nxa7 Rd8 24. Nb5 Rxd7 25. Nxa3 bxa3
26. Rfd1 Ke6 27. d3 f5 28. Rab1 Rd6 29. f3 Nf7 30. Rb3 Ng5 31. h4 Nf7 32.
Rxa3 Nd8 33. Rc1 f4 34. Kf2 Rb6 35. Rac3 1-0

[Event "IX EICC"]
[Site "Plovdiv BUL"]
[Date "2008.04.25"]
[Round "5"]
[White "Petrusic,T"]
[Black "Dorfanis,I"]
[Result "1/2-1/2"]
[WhiteElo "1956"]
[BlackElo "2207"]
[EventDate "2008.04.21"]

1. e4 c5 2. Nf3 d6 3. d4 cxd4 4. Nxd4 Nf6 5. Nc3 Nc6 6. f3 e5 7. Nb3 Be7 8.
Be3 O-O 9. Qd2 Na5 10. O-O-O Be6 11. Nxa5 Qxa5 12. Kb1 Kh8 13. g4 b5 14.
Nd5 Qxd2 15. Rxd2 Nxd5 16. exd5 Bd7 17. Bd3 a5 18. h3 f5 19. gxf5 b4 20. f4
exf4 21. Bxf4 Bxf5 22. Bh2 Bxd3 23. Rxd3 Rf2 24. Bg3 Re2 25. Re1 Rxe1+ 26.
Bxe1 Bf6 27. Bg3 Re8 28. a3 Be5 29. axb4 axb4 30. Re3 Kg8 31. Be1 Rb8 32.
Re4 1/2-1/2

[Event "IX EICC"]
[Site "Plovdiv BUL"]
[Date "2008.04.26"]
[Round "6"]
[White "Timofeev,Arty"]
[Black "Nyback,T"]
[Result "1/2-1/2"]
[WhiteElo "2664"]
[BlackElo "2587"]
[EventDate "2008.04.21"]

1. e4 e5 2. Nf3 Nc6 3. Bb5 a6 4. Ba4 Nf6 5. O-O Be7 6. Re1 b5 7. Bb3 O-O 8.
d4 Nxd4 9. Bxf7+ Rxf7 10. Nxe5 Rf8 11. Qxd4 c5 12. Qd1 Qc7 13. Nf3 Bb7 14.
Bg5 d5 15. exd5 Nxd5 16. Bxe7 Nxe7 17. Ng5 Qf4 18. Qd2 Ng6 19. Qxf4 Nxf4
20. Ne4 Rad8 21. Nbc3 b4 22. Na4 Bxe4 23. Rxe4 Rd2 24. Nxc5 a5 25. Rae1
Rxc2 26. Nd7 Nd3 27. Rf1 Rf4 28. Re8+ Kf7 29. Ra8 Rxb2 30. Rxa5 Ke6 31. g3
Rf5 32. Rxf5 Kxf5 33. Ra1 Ke4 34. f4 Rc2 35. Ne5 Rc1+ 36. Rxc1 Nxc1 37. Kf2
Nxa2 38. Nc4 Kd4 39. Nb2 Kc3 40. Na4+ Kd4 41. Kf3 b3 42. f5 Nb4 43. g4 Ke5
44. Nb2 Nc6 45. Ke3 Ne7 46. Nd3+ Kf6 47. h4 Nc6 48. Kf4 Ke7 49. Ke4 Kd6 50.
g5 Nb4 51. Nb2 Nd5 52. Nc4+ Kc5 53. Nb2 Nb6 54. f6 gxf6 55. gxf6 Kd6 56.
Kf5 Nd5 57. Nc4+ Kd7 58. Ke5 Nc7 59. Kd4 Nb5+ 60. Kd3 Ke6 61. Nd2 b2 62.
Kc2 Kxf6 63. Kxb2 Kf5 64. Kc2 Kg4 65. Ne4 h6 66. Nf6+ Kf5 67. Nd5 Nd4+ 68.
Kd3 Nf3 69. h5 Kg5 70. Ke4 Kxh5 1/2-1/2